Vznik a zánik ducha : filosofická encyklopedie /

Hlavní autor: Smetana, Augustin, 1814-1851
Jazyk: Čeština
Vydáno: Praha : Al. Viesner, 1923
Edice: Filosofická bibliotéka
Externí odkaz: Digitalizovaný dokument
Fyzický popis: xlviii, 344 s.
Knihy
Uloženo v:
LEADER 00997nam a22002532a 4500
001 000580482
003 CZ BrMZK
005 20011220103219.0
007 ta
008 010825s1923 xr f cze d
015 |a cnb000344867 
035 |a (OCoLC)85284302 
040 |a BOA001  |b cze  |c BOA001 
100 1 |a Smetana, Augustin,  |d 1814-1851  |7 jk01120042 
245 1 0 |a Vznik a zánik ducha :  |b filosofická encyklopedie /  |c Augustin Smetana 
260 |a Praha :  |b Al. Viesner,  |c 1923 
300 |a xlviii, 344 s. 
490 1 |a Filosofická bibliotéka ;  |v Řada 1, č. 6 
830 0 |a Filosofická bibliotéka  |0 s 
856 4 1 |u http://www.digitalniknihovna.cz/mzk/uuid/uuid:c2c08e00-3d98-11e4-bc3a-005056827e51  |y Digitalizovaný dokument  |x NDK 
910 |a BOA001  |b 2-0032.376,1/6 
990 |a BK 
996 7 |b 2619200895  |c 2-0032.376,1/6  |l MZK  |r Sklad / do 24 hodin  |n 1  |w 000580482  |u 000020  |a 1  |e BOA001  |j MZK50  |s A 
996 7 |b 2619709238  |c 2-0032.376,1/6  |l MZK  |r Sklad / do 24 hodin  |n 4  |w 000580482  |u 000010  |a 1  |e BOA001  |j MZK50  |s A